La costituzione gerarchica della chiesa
Guardat en:
| Autor principal: | |
|---|---|
| Format: | Llibre |
| Idioma: | italià |
| Publicat: |
Roma
Pontificia Universitá Gregoriana
1997
|
| Matèries: | |
| Etiquetes: |
Afegir etiqueta
Sense etiquetes, Sigues el primer a etiquetar aquest registre!
|
MARC
| LEADER | 00000nam a2200000 a 4500 | ||
|---|---|---|---|
| 001 | UCQ4230 | ||
| 003 | CL-VaPUC | ||
| 008 | 980904e19970000IT |||||||||||||||||ita|d | ||
| 082 | 0 | 4 | |a 262.9 |b GHI |2 21 |
| 100 | |a Ghirlanda, Gianfranco |e author |9 599467 | ||
| 245 | 1 | 3 | |a La costituzione gerarchica della chiesa |
| 300 | |a 2 v | ||
| 942 | |c BK | ||
| 945 | |d 19980904 00:00:00 |a mvenant | ||
| 260 | |a Roma |b Pontificia Universitá Gregoriana |c 1997 | ||
| 500 | |a Sezione 1: <La >suprema autoritá della chiesa | ||
| 500 | |a Sezione 2: <Le >chiese particolari e i loro raggruppamenti | ||
| 650 | 7 | |a DERECHO CANONICO |2 CL-VaPUC |9 418491 | |
| 650 | 0 | |a Iglesia Católica |9 256114 | |
| 650 | 0 | |a Derecho eclesiástico |9 255055 | |
| 583 | |a last modification |c 19980904 00:00:00 |k Rodrigo Vera | ||
| 999 | |c 274637 |d 274635 | ||
| 952 | |0 0 |1 0 |4 0 |6 262_900000000000000_GHI_1997 |7 0 |8 A |9 310911 |a BIBDER |b BIBDER |d 2019-11-20 |h v.1 |i 3436187 |o 262.9 GHI 1997 |p 3436187 |r 2023-01-25 |w 2019-11-20 |y BK |k DER | ||
| 952 | |0 0 |1 0 |4 0 |6 262_900000000000000_GHI_1997 |7 0 |8 A |9 310912 |a BIBDER |b BIBDER |d 2019-11-20 |h v.2 |i 3436195 |o 262.9 GHI 1997 |p 3436195 |r 2023-01-25 |w 2019-11-20 |y BK |k DER | ||